Total Wipeout UK - Big Trivia Quiz - Statistics

General Stats
  • This quiz has been taken 13 times
  • The average score is 10 of 25
Answer Stats
Hint Answer % Correct
Main host Richard Hammond
78%
Country the course is located in Argentina
67%
Length of contestants' spin in Dizzy Dummies 40 seconds
56%
The Sweeper's cousin with a second arm to be ducked under Crusher
56%
Celebrity who holds the Qualifier record Dean Macey
56%
Round that replaced the above in the fifth series Double Cross
56%
"Scary" contestant who won the Sweeper twice (Scary) Claire
56%
First contestant to complete the Qualifier with no falls (Super Boy) Kierron
56%
Course-side host Amanda Byram
44%
Round that replaced the Sweeper in the third and fourth series Crash Mountain
44%
The show's first winner (Handsome) Oliver
44%
The four Champion of Champions (Non-Toff) William
44%
The four Champion of Champions (Amanda's Favourite) James
33%
BBC science-fiction show that often aired right after Total Wipeout Doctor Who
33%
Round that eliminated Speedy Shaun, Series 3's fastest qualifier Dreadmill
33%
Contestants who retired due to injury in two separate appearances (Iron Man) Mark
33%
Contestants who retired due to injury in two separate appearances Jade (With One Sock)
33%
The first female winner of the show (Queen) Rachel
33%
Wipeout Zone obstacle which nobody ever fell off Seesaw of Truth
33%
The four Champion of Champions (Chopper) Brian
22%
The four Champion of Champions (Great) Scott
22%
Contestant with the slowest Wipeout Zone time ever (Lady) Lucy
22%
Theme of the Series 4, Episode 7 special North vs. South
22%
Contestant who failed to even reach the obstacle in Dizzy Dummies, in Series 4 (Ratman) Kevin
22%
Dizzy Dummies obstacle which collapsed into the water mid-round in Series 3 Pyramids
11%
No matching quizzes found
Score Distribution
Percent of People with Each Score
Percentile by Number Answered
Your Score History
You have not taken this quiz